000
00223 a2200097 4500
001
13292
100
_a
Henry,A
245
_a
SMS and MMS Interworking in Mobile Networks
260
_a
_b
Artech House
_c
090
_c
10296
_d
10296
942
_a
NUST-CAE
_c
M
_c
332
999
_c
248365
_d
248365